000 00536nam a2200181Ia 4500
008 151018s9999 xx 000 0 und d
082 _bRBASDV48237
_a551.22
100 _aसुदर्शन भाटीया
245 _aभूकंप
250 _b1
260 _bप्रकाशन विभाग
_c2008
300 _a65
600 _aसुदर्शन भाटीया
630 _aभूकंप
700 _aसुदर्शन भाटीया
730 _aभूकंप
942 _cBOOK
999 _c1047365
_d1047362